000 00998nam0a22002651 4500
001 rc\4030752
005 20250610231650.0
035 _a(NLR Aleph) 007953424
090 _a8353723
_c8353723
100 _a20130415d1947 |||y0rusy50 ca
101 0 _arus
102 _aRU
105 _ay ac |||||
200 1 _aПапкович П.Ф. Труды
_eБиблиогр. указатель литературы за 1909-1946 гг.
_fСост. библиографом Крыжановской Н.А.
_gМПС СССР. Отраслевая науч.-техн. б-ка
210 _aЛенинград
_cБ. и.
_d1947
215 _a[1], 26 с. in recto
_d29
300 _aЛитогр.
700 1 _4220
_7ca
_8rus
_aКрыжановская
_bН. А.
_f1895-
_gНина Алексеевна
_9209295
_3RU\NLR\AUTH\770209349
702 1 _aПапкович
_bП.Ф.
_4570
801 0 _aRU
_bNLR
_gpsbo
801 1 _aRU
_bELAR
_2rusmarc
852 _aNLR
_j641/П-17
942 _cBOOK
980 _aNB